000 00459nam a2200145Ia 4500
008 220216s9999 xx 000 0 und d
100 _aByun J
245 0 _aSwelling of thermosensitive interpenetrating polymer networks composed of poly(vinyl alcohol) and poly(acrylic acid)
260 _bJournal of Applied Polymer Science
_c1996
300 _a697-702
650 _aInterpenetrating polymer network
700 _aCho C
700 _aLee Y M
942 _cJS
999 _c70101
_d70101